Exports of manufactured goods from developing countries

שמור ב:
מידע ביבליוגרפי
מחבר ראשי: Torre, Jose R. de la
פורמט: ספר
שפה:Undetermined
יצא לאור: New York Arno Press 1976
נושאים:
תגים: הוספת תג
אין תגיות, היה/י הראשונ/ה לתייג את הרשומה!
Thư viện lưu trữ: Trung tâm Học liệu Trường Đại học Cần Thơ
LEADER 00547nam a2200193Ia 4500
001 CTU_82305
008 210402s9999 xx 000 0 und d
082 |a 382 
082 |b T689 
100 |a Torre, Jose R. de la 
245 0 |a Exports of manufactured goods from developing countries 
245 0 |c Jose R. de la Torre 
260 |a New York 
260 |b Arno Press 
260 |c 1976 
650 |a Manufactures,Exports 
650 |x Developing countries 
904 |i Trọng Hải 
980 |a Trung tâm Học liệu Trường Đại học Cần Thơ